| 000 | 00816nam a22002417a 4500 | ||
|---|---|---|---|
| 999 |
_c19766 _d19766 |
||
| 003 | AR-CdUCM | ||
| 008 | 190521b ||||| |||| 00| 0 spa d | ||
| 020 | _a84-281-0239-2 | ||
| 040 |
_aMUNICIPALIDAD PROVINCIAL DEL CUSCO _cBIBLIOTECA MUNICIPAL DEL CUSCO |
||
| 041 | _hit | ||
| 082 |
_a330.1 / _bN24 |
||
| 100 |
_aNapoleoni, Claudio _94050 |
||
| 245 | _aCurso de economía política / | ||
| 260 |
_aEspaña : _bOikos-tau, _c1973. |
||
| 300 |
_a397 páginas ; _c22 cm. |
||
| 505 | _aContenido: Nociones preliminares -- El sistema tipo mercantil simple -- El sistema tipo capitalista... | ||
| 650 |
_aPolítica económica _91407 |
||
| 650 |
_aCiencias sociales _91096 |
||
| 650 |
_aCapitalismo _93221 |
||
| 700 |
_aBertran, Mostserrat (traducción) _941334 |
||
| 942 |
_2ddc _cLIBROS |
||
| 945 |
_adavv _d2019-05-21 |
||